|
|
|
แสดงรายละเอียดบรรณานุกรม |
|
|
Brief Record
: Get Marc (ISO 2709)
: E-mail record
: |
|
|
| LEADER 01174nam 2200277 a 4500 | |||
| 001 40143 | |||
| 003 ULIBM | |||
| 008 030417s2004 caua sb 001 0 eng | |||
| 020 ^a- | |||
| 082 ^a294.338^bธ-ช | |||
| 100 ^aธัชพล ศิริวงศ์ทอง, ผู้รวบรวม | |||
| 245 ^aชีวประวัติพ่อเจ้าจำนงค์ ณ เชียงใหม่ บทสวดมนต์และแบบสวดมนต์กรรมฐาน/^cธัชพล ศิริวงศ์ทอง, ผู้รวบรวม | |||
| 260 ^aเชียงใหม่:^bโรงพิมพ์ดาว,^c2543 | |||
| 300 ^a72 หน้า : | |||
| 650 ^aบทสวดมนต์ | |||
| 913 ^aImported by ULIBM Administrator | |||
| 949 ^aImport form external file by ULIBM system | |||
| คุณยังไม่ได้ล็อกอิน คุณสามารถมีกิจกรรมร่วมกับเว็บไซต์ได้ แต่ต้องล็อกอินก่อน :: |
|
| สถานะ | |||||||||
| 1. | หนังสือ | 294.338 ธ-ช 2004 Barcode: 066327 | ►หนังสือทั่วไป | On Shelf ขอยืม | |||||
| 2. | หนังสือ | 294.338 ธ-ช 2004 Barcode: 066329 | ►หนังสือทั่วไป | On Shelf ขอยืม | |||||
| [แสดง 6/6 รายการ] | |||||||||

BibComment |
| คอมเมนท์ทรัพยากรรายการนี้ |
|
|
ห้องสมุดโรงเรียนสามัคคีวิทยาคม
159 ถ.บรรพปราการ ต.เวียง อ.เมือง จ.เชียงราย 57000
โทร. 053-711018 โทรสาร 053-713003